| 000 | 00732nam a22002292 4500 | ||
|---|---|---|---|
| 001 | 14195 | ||
| 003 | BD-RjUL | ||
| 005 | 20211208235603.0 | ||
| 008 | 140205r19671949enka 000 0 eng d | ||
| 035 |
_a(BD-RjUL)14247 _aOCLC ocm13579055 from D980127M |
||
| 040 |
_aITC _cITC _dBD-RjUL _beng |
||
| 041 | _aeng | ||
| 082 | 0 | 4 |
_221 _a371.61 _bWIS 1967 |
| 100 | 1 |
_aWilliams, R. O. _q(Robert Orchard), _d1891- _944332 |
|
| 245 | 1 | 0 |
_aSchool gardening in the tropics / _cR.O. Williams. |
| 250 | _a3rd ed. | ||
| 260 |
_aNew York ; London : _bLongmans, Green & Co., _cc1949 [impration 1967]. |
||
| 300 |
_a143 p. : _bill. ; _c19 cm. |
||
| 650 | 0 |
_aSchool gardens. _944333 |
|
| 650 | 0 |
_aGardening _xStudy and teaching. _944334 |
|
| 942 |
_2ddc _cBK |
||
| 999 |
_c14195 _d14195 |
||